书目信息 |
| 题名: |
中国动物志
|
|
| 作者: | ;廖玉麟 编著 ;中国科学院中国动物志编辑委员会 主编 | |
| 分册: | 棘皮动物门 | |
| 出版信息: | 北京 科学出版社 1997 |
|
| 页数: | 334页 | |
| 开本: | 26cm | |
| 丛书名: | ||
| 单 册: | ||
| 中图分类: | Q958.2 | |
| 科图分类: | ||
| 主题词: | 动物志--中国 , 棘皮动物--动物志--中国 , 海参纲--动物志--中国 | |
| 电子资源: | ||
| ISBN: | 7-03-005435-0 | |
| 000 | 00945nam0 2200265 45 | |
| 001 | 0197034763 | |
| 005 | 20061123142922.96 | |
| 010 | @a7-03-005435-0@b精装@dCNY59.00 | |
| 100 | @a19971023d1997 kemy0chiy0121 ea | |
| 101 | 0 | @achi |
| 102 | @aCN@b110000 | |
| 105 | @af z 000yy | |
| 200 | 10 | @a中国动物志@Azhong guo dong wu zhi@i棘皮动物门@i海参纲@f中国科学院中国动物志编辑委员会主编@g廖玉麟编著 |
| 210 | @a北京@c科学出版社@d1997 | |
| 215 | @a334页@c图@d26cm | |
| 300 | @a国家自然科学基金“八五”重大项目 国家科学技术委员会 国家自然科学基金委员会 中国科学院资助 | |
| 510 | 1 | @aFauna sinica@zeng |
| 606 | @a动物志@y中国 | |
| 606 | @a棘皮动物@x动物志@y中国 | |
| 606 | @a海参纲@x动物志@y中国 | |
| 690 | @aQ958.2@v3 | |
| 702 | 0 | @a廖玉麟@Aliao yu lin@4编著 |
| 711 | 02 | @a中国科学院中国动物志编辑委员会@Azhong guo ke xue yuan zhong guo dong wu zhi bian ji wei yuan hui@4主编 |
| 801 | 0 | @aCN@bTSSF@c20061123 |
| 905 | @a10447@dQ958.2@e11:1(4) | |
| 中国动物志.棘皮动物门.海参纲/中国科学院中国动物志编辑委员会主编/廖玉麟编著.-北京:科学出版社,1997 |
| 334页:图;26cm |
| 国家自然科学基金“八五”重大项目 国家科学技术委员会 国家自然科学基金委员会 中国科学院资助 |
| ISBN 7-03-005435-0(精装):CNY59.00 |
| ● |
| 相关链接 |
|
|
|
|
正题名:中国动物志
索取号:Q958.2/11:1(4)
 
预约/预借
| 序号 | 登录号 | 条形码 | 馆藏地/架位号 | 状态 | 备注 |
| 1 | 0280067 | 002800678 | 第二样本阅览室/ [索取号:Q958.2/11:1(4)] | 在馆 |